V službách kráľa (Record no. 22461)
[ view plain ]
| 000 -LEADER | |
|---|---|
| fixed length control field | 01268cam a2200361 a 4500 |
| 001 - CONTROL NUMBER | |
| control field | 22461 |
| 003 - CONTROL NUMBER IDENTIFIER | |
| control field | SK-KTurca |
| 005 - DATE AND TIME OF LATEST TRANSACTION | |
| control field | 20260328125712.0 |
| 008 - FIXED-LENGTH DATA ELEMENTS--GENERAL INFORMATION | |
| fixed length control field | 240226s1994 xo gr 000 f slo |
| 015 ## - NATIONAL BIBLIOGRAPHY NUMBER | |
| National bibliography number | SNBA1995/01 |
| 020 ## - INTERNATIONAL STANDARD BOOK NUMBER | |
| International Standard Book Number | 8085352370 |
| Qualifying information | (súbor ; |
| -- | viazané) |
| 020 ## - INTERNATIONAL STANDARD BOOK NUMBER | |
| International Standard Book Number | 8085352397 |
| Qualifying information | (zväzok 2. ; |
| -- | viazané) |
| 035 ## - SYSTEM CONTROL NUMBER | |
| System control number | SNK000020302 |
| 040 ## - CATALOGING SOURCE | |
| Original cataloging agency | SNK |
| Language of cataloging | slo |
| Transcribing agency | SNK |
| Description conventions | AACR2 |
| 041 1# - LANGUAGE CODE | |
| Language code of text/sound track or separate title | slo |
| Language code of original | fre |
| 044 ## - COUNTRY OF PUBLISHING/PRODUCING ENTITY CODE | |
| MARC country code | xo |
| ISO country code | SK |
| 072 #7 - SUBJECT CATEGORY CODE | |
| Subject category code | 821.133.1-3 |
| Subject category code subdivision | Francúzska próza, francúzsky písaná |
| Source | konspekt |
| 080 ## - UNIVERSAL DECIMAL CLASSIFICATION NUMBER | |
| Universal Decimal Classification number | 840-3 |
| Edition identifier | 1997 |
| 080 ## - UNIVERSAL DECIMAL CLASSIFICATION NUMBER | |
| Universal Decimal Classification number | 821.133.1-31 |
| Edition identifier | 2011 |
| 080 ## - UNIVERSAL DECIMAL CLASSIFICATION NUMBER | |
| Universal Decimal Classification number | (0:82-311.6) |
| Edition identifier | 2011 |
| 100 1# - MAIN ENTRY--PERSONAL NAME | |
| Personal name | Benzoni, Juliette, |
| Dates associated with a name | 1920-2016 |
| Relationship | aut |
| 240 13 - UNIFORM TITLE | |
| Uniform title | Un collier pou le diable |
| Language of a work | Slovensky |
| 245 10 - TITLE STATEMENT | |
| Title | V službách kráľa |
| Number of part/section of a work | 2 |
| Name of part/section of a work | Diablov náhrdelník |
| Statement of responsibility, etc. | Juliette Benzoni ; [z francúzskeho originálu Un collier pou le diable ... preložili Beáta Mareková a Anna Lerchová] |
| 246 30 - VARYING FORM OF TITLE | |
| Title proper/short title | Diablov náhrdelník |
| 250 ## - EDITION STATEMENT | |
| Edition statement | 1. vyd. |
| 260 ## - PUBLICATION, DISTRIBUTION, ETC. | |
| Place of publication, distribution, etc. | Bratislava |
| Name of publisher, distributor, etc. | Remedium |
| Date of publication, distribution, etc. | 1994 |
| Place of manufacture | Banská Bystrica |
| Manufacturer | Tlačiarne BB |
| 300 ## - PHYSICAL DESCRIPTION | |
| Extent | 332 strán |
| Dimensions | 24 cm |
| 655 #7 - INDEX TERM--GENRE/FORM | |
| Genre/form data or focus term | francúzske romány |
| Source of term | SNKPH |
| 655 #7 - INDEX TERM--GENRE/FORM | |
| Genre/form data or focus term | historické romány |
| Source of term | SNKPH |
| 700 1# - ADDED ENTRY--PERSONAL NAME | |
| Personal name | Mareková, Beata, |
| Dates associated with a name | 1959- |
| Relationship | trl |
| 700 1# - ADDED ENTRY--PERSONAL NAME | |
| Personal name | Lerchová, Hana, |
| Dates associated with a name | 1932-2007 |
| Relationship | trl |
| 942 ## - ADDED ENTRY ELEMENTS (KOHA) | |
| Source of classification or shelving scheme | Dewey Decimal Classification |
| Koha item type | Krásna literatúra pre dospelých |
| Suppress in OPAC | No |
| Stav vyradenia | Strata | Poškodenie | Spôsob nadobudnutia | Domovská knižnica | Aktuálna knižnica | Dátum nadobudnutia | Total checkouts | Čiarový kód exemplára | Date last seen | Typ exemplára | Verejná poznámka |
|---|---|---|---|---|---|---|---|---|---|---|---|
| Dar | Obecná knižnica Horná Štubňa | Obecná knižnica Horná Štubňa | 28.03.2026 | 4736202027 | 28.03.2026 | Krásna literatúra pre dospelých | 2. diel |
